LEADER 01228nam a2200265 u 4500 001 000000116154 003 CaOOAMICUS 005 20090612105527.0 008 090612s2008 it u000 u ita u 020 $z978-88-7016-516-6* 040 $aPUL$bita$dLDB 100 1 $aNoffke, Eric.$0(OLS)http://pul/name/72122 245 10$aGiovanni Battista, un profeta esseno ? :$bl'opera e il messaggio di Giovanni nel suo contesto storico /$cEric Noffke. 260 $aTorino :$bClaudiana,$cc2008. 300 $a169 p. ;$c21 cm 490 1 $aPiccola biblioteca teologica ;$v88 504 $aBibliografia: p. 155-156. 600 04$aIohannes Baptista,$cs.$0(OLS)http://pul/subject/2070 830 0$aPiccola biblioteca teologica (Claudiana) ;$v88.$0(OLS)http://pul/title/31784 850 $aPUL 852 $aPUL$W1$xSL Religione 3$y85$m225. 924 NOFER 1$j133089$qDDC 21$B132110$CPULBib$Z2$F132110 $H108009 $82 941 1 $a9 996 $6020$z978-88-7016-516-6*$9(OLS)http://pul/number/141090 996 $6245$aGiovanni Battista, un profeta esseno ? :$bl'opera e il messaggio di Giovanni nel suo contesto storico$9(OLS)http://pul/title/145963 996 $6260$aTorino :$bClaudiana$9(OLS)http://pul/publisher/48072 LEADER 01437nam a2200301 u 4500 001 000000080093 003 CaOOAMICUS 005 20070226123617.0 008 040623s2001 gw u000 u ger u 020 $a348711321X 035 $a11001643 040 $aPUL$bita 100 1 $aSeidl, Horst.$0(OLS)http://pul/name/21091 245 10$aSein und Bewusstsein :$bErörterungen zur Erkenntnislehre und Metaphysik in einer Gegenüberstellung von Aristoteles und Kant /$cHorst Seidl. 260 $aHildesheim :$bGeorg Olms,$c2001. 300 $a272 p. ;$c21 cm 490 1 $aPhilosophische Texte und Studien ;$vBd. 61 504 $aBibliografia in nota. 600 04$aAristoteles,$d384-322 a.C.$0(OLS)http://pul/subject/223 600 14$aKant, Immanuel,$d1724-1804.$0(OLS)http://pul/subject/4849 650 4$aMetafisica$xStudi.$0(OLS)http://pul/subject/8506 830 0$aPhilosophische Texte und Studien ;$vBd. 61.$0(OLS)http://pul/title/57446 850 $aPUL 852 $aPUL$W1$xSL Filosofia 3$y81$m121 SEIHO 1$j102340$nBK-PRI$b $qDDC 21$B102340$CPULBib$Z2$F102340 $HPUL84650 $81 941 1 $a9 996 $6020$a348711321X$9(OLS)http://pul/number/105707 996 $6245$aSein und Bewusstsein :$bErörterungen zur Erkenntnislehre und Metaphysik in einer Gegenüberstellung von Aristoteles und Kant$9(OLS)http://pul/title/104915 996 $6260$aHildesheim :$bGeorg Olms$9(OLS)http://pul/publisher/65241